¿Qué es filosofía? Un diálogo entre Edmund Husserl y Tomás de Aquino.

محفوظ في:
التفاصيل البيبلوغرافية
المؤلف الرئيسي: Stein, Edith (autora)
مؤلفون آخرون: Valero Martín, Alicia (traductora)
التنسيق: غير معروف
اللغة:الإنجليزية
منشور في: Madrid, España: Ediciones Encuentro, 2008.
الطبعة:2ª edición.
سلاسل:Opuscula philosophica, 6
الموضوعات:
الوسوم: إضافة وسم
لا توجد وسوم, كن أول من يضع وسما على هذه التسجيلة!

MARC

LEADER 00000 a2200000 4500
003 CL-VaPUC
005 20240820103306.0
008 220419b2008 ||||| |||| 00| 0 eng d
999 |c 434639  |d 434637 
020 |a 978-8474909364 
040 |c Pontificia Universidad Católica de Valparaíso 
082 |a 100 STE 2008 
100 |a Stein, Edith  |9 315970  |e autora 
245 1 2 |a ¿Qué es filosofía?  |b Un diálogo entre Edmund Husserl y Tomás de Aquino.  
250 |a 2ª edición. 
260 |a Madrid, España:  |b Ediciones Encuentro,  |c 2008. 
300 |a 45 páginas  
490 |a Opuscula philosophica,  |v  6 
583 |k Cristina María Rojas Aguilar  |c 20220419 
650 |a Filosofía   |9 223554 
650 0 |a Fenomenología  |9 256519 
700 |a Valero Martín, Alicia  |e traductora  |9 868603 
942 |2 ddc  |c BK 
952 |0 0  |1 0  |2 ddc  |4 0  |6 100_000000000000000_STE_2008  |7 0  |8 A  |9 582653  |a BIBEDU  |b BIBEDU  |c GEN  |d 2022-04-19  |e 74  |g 13976.00  |i 5650823  |l 1  |m 1  |o 100 STE 2008  |p 5650823  |r 2022-06-02  |s 2022-05-20  |t 1  |v 13976.00  |w 2022-04-19  |y BK  |k FIL